Responses for Show #2570 - Friday, November 3, 1995

Contestants

[<< previous game]

Brad Beaver, a math instructor from Lawndale, California

Susan Burns Cochran, an attorney from Modesto, California

Tim Adams, a Navy pilot originally from Mankato, Minnesota (whose 1-day cash winnings total $14,400)

[next game >>]

Jeopardy! Round responses

WORLD GEOGRAPHY
MIDDLE INITIAL C.
METALS
THE 1780s
FOOD
FAMILIAR PHRASES
    $100 1
Japan

Tim
    $100 7
(Brad: Who is Woolworth?)

J.C. Penney

SusanBrad
    $100 16
copper

Brad
    $100 21
Bligh

Susan
    $100 4
French toast

Tim
    $100 26
cobwebs

Brad
    $200 2
Toronto

Brad
    $200 10
Arthur C. Clarke

Susan
    $200 17
(Susan: What is iron?)

lead

SusanBrad
    $200 22
Iowa

Tim
    $200 8
ham

Brad
    $200 27
flock together

Susan
    $300 3
the Apennines

Susan
    $300 11
W.C. Fields

Brad
    $300 18
alloys

Tim
    $300 23
the Articles of Confederation

Brad
    $300 9
shish kebab

Tim
    $300 28
a diamond

Susan
    $500 5
(Tim: What is, uh... [*]?)
(Alex: [*], or...)
(Tim: [**]?)
(Alex: It is also called [***] or [*] and that is acceptable.)

Lake Tiberias (the Sea of Galilee, the Sea of Tiberias)

Tim
    $400 12
George C. Scott

Brad
    $400 19
iron

Tim
    $400 24
the bifocals

Tim
    $400 14
(Tim: What is beef?)

a mushroom

TimSusan
    $400 29
coals

Brad
    $500 6
(Tim: What is the Shannon?)

the River Liffey

Tim
Triple Stumper
    $500 13
(Susan: Who is Janie C. Riley?)

Jeannie C. Riley

Susan
Triple Stumper
    $500 20
(Tim: What is aluminum?)
(Brad: What is beryllium?)

lithium

TimBrad
Triple Stumper
    $500 25
(Brad: Who is McGuffey?)

(Noah) Webster

TimBrad
    $500 15
pinto beans

Brad
    $500 30
raison d’être

Brad

Scores at the first commercial break (after clue 15):

Tim Susan Brad
$100 $500 $1,500

Scores at the end of the Jeopardy! Round:

Tim Susan Brad
$1,400 $900 $2,100

Double Jeopardy! Round responses

THE CIVIL WAR
RELIGION
MUSIC APPRECIATION
WOMEN IN GOVERNMENT
ENGLISH LIT.
HOMOPHONES
    $200 2
Jefferson Davis

Susan
    $200 16
the pope

Tim
    $200 9
the bagpipes

Susan
    $200 26
Janet Reno

Brad
    $200 21
(Daniel) Defoe

Tim
    $200 1
an awl/all

Tim
    $400 5
Ulysses S. Grant

Tim
    $400 17
Confucianism

Tim
    $400 10
Gilbert & Sullivan

Tim
    $400 27
Feinstein

Brad
    $400 22
1984

Tim
    $400 3
mind/mined

Brad
    $600 6
Fort Sumter

Susan
    $600 18
(Brad: What is a light?)

ritual (liturgy)

Brad
Triple Stumper
    $600 13
(Susan: What are marimbas?)
(Brad: What are castanets?)

maracas

SusanBrad
Triple Stumper
    $600 28
Vermont

Triple Stumper
    $600 23
(Henry) Fielding

Susan
    $600 4
to reek/wreak

Tim
    $800 11
Vicksburg, MIssissippi

Tim
    $800 19
Hinduism

Brad
    $800 14
jazz

Susan
    $3,600 29
(Alex: Brad?)
[Time's up]

Sharon Pratt Kelly (Sharon Pratt Dixon)

Brad
    $800 24
Tess of the d'Urbervilles

Tim
    $800 7
flecks/flex

Susan
    $3,800 12
the border states

Tim
    $1000 20
(Thomas) Aquinas

Tim
    $1000 15
Ravel

Brad
    $1000 30
Jeannette Rankin

Brad
    $1000 25
(Christopher) Marlowe

Tim
    $1000 8
coax/Cokes

Triple Stumper

Scores at the end of the Double Jeopardy! Round:

Tim Susan Brad
$11,600 $3,500 $1,100
(lock game)

[wagering suggestions for these scores]

Final Jeopardy! Round responses

FAMOUS AMERICANS
(Alex: [To Brad] [*]--the [*] Decimal System.)
BradWho is Dewey?
$1,100
SusanWho was Carnegie?
$1,000
TimWho is La Guardia
$4,400
(Melvil) Dewey

Final scores:

Tim Susan Brad
$7,200 $2,500 $2,200
2-day champion: $21,600 2nd place: Broyhill bedroom set & Waverly Place bedroom collection + Jeopardy! home game 3rd place: Carey limousine service + Jeopardy! home game

Game dynamics:

Coryat scores:

Tim Susan Brad
$8,700 $3,500 $4,700
22 R
(including 2 DDs),
3 W
13 R,
3 W
17 R,
6 W
(including 1 DD)

Combined Coryat: $16,900

[game clues] [game scores] [suggest correction]

Game tape date: Unknown
The J! Archive is created by fans, for fans. Scraping, republication, monetization, and malicious use prohibited; this site may use cookies and collect identifying information. See terms. The Jeopardy! game show and all elements thereof, including but not limited to copyright and trademark thereto, are the property of Jeopardy Productions, Inc. and are protected under law. This website is not affiliated with, sponsored by, or operated by Jeopardy Productions, Inc. Join the discussion at JBoard.tv.